000
00359nam a2200145 a 4500
005
20140412111425.0
008
090224s19uu xx 00 eng d
050
_a
ER
_b
Pi65
100
_a
Herring, A.K.
245
_a
Pinocchio /
_c
A.K. Herring.
260
_a
Tokyo :
_b
Froebel-Kan.
300
_a
unp
440
_a
The World of fairy tales
999
_c
106198
_d
106198